[Event "Bundesliga 2223"]
[Site "Germany"]
[Date "2022.10.23"]
[Round "2.5"]
[White "Edouard, Romain"]
[Black "Andersen, Mads"]
[Result "0-1"]
[WhiteElo "2554"]
[BlackElo "2604"]
[PlyCount "118"]
[EventDate "2022.10.21"]
[EventType "team-tourn"]
[EventRounds "15"]
[EventCountry "GER"]
[SourceTitle "CBM 211"]
[Source "ChessBase"]
[SourceDate "2022.12.31"]
[SourceVersion "1"]
[SourceVersionDate "2022.12.31"]
[SourceQuality "1"]
[WhiteTeam "Werder Bremen"]
[BlackTeam "Solingen"]
[WhiteTeamCountry "GER"]
[BlackTeamCountry "GER"]

1. c4 c5 2. Nf3 Nf6 3. Nc3 d5 4. cxd5 Nxd5 5. e3 e6 6. d4 Nc6 7. Bb5 cxd4 8. exd4 Bb4 9. Bd2 0-0 10. 0-0 Nce7 11. a3 Bd6 12. Bd3 b6 13. Re1 Bb7 14. Ne4 Bf4 15. Rc1 Nf5 16. Bb1 Rc8 17. Bxf4 Nxf4 18. Qd2 Rxc1 19. Rxc1 e5 20. g3 Bxe4 21. Bxe4 Nxd4 22. Nxd4 Qxd4 23. Qxd4 Ne2+ 24. Kg2 Nxd4 25. Rc7 a5 26. Rb7 b5 27. Bd3 Rc8 28. Bxb5 f5 29. b3 Rc2 30. Bc4+ Kf8 31. Rf7+ Ke8 32. Ra7 e4 33. Rxa5 g6 34. Re5+ Kf8 35. g4 Nf3 36. Re6 Rc1 37. Kg3 Rg1+ 38. Kf4 Rxg4+ 39. Ke3 f4+ 40. Kxe4 Ng5+ 41. Ke5 Nxe6 42. Bxe6 Rg2 43. Kxf4 Rxf2+ 44. Kg3 Ra2 45. a4 Ke7 46. Bg8 Kf6 47. h4 h6 48. Bc4 g5 49. hxg5+ Kxg5 50. Bd5 h5 51. Bc4 h4+ 52. Kh3 Rc2 53. a5 Rc3+ 54. Kh2 h3 55. a6 Kh4 56. Bd5 Rc2+ 57. Kg1 Ra2 58. b4 Rxa6 59. b5 Rf6 0-1

[Event "Bundesliga 2223"]
[Site "Germany"]
[Date "2022.10.21"]
[Round "7.4"]
[White "Edouard, Romain"]
[Black "Stevic, Hrvoje"]
[Result "0-1"]
[WhiteElo "2554"]
[BlackElo "2565"]
[PlyCount "134"]
[EventDate "2022.10.21"]
[EventType "team-tourn"]
[EventRounds "15"]
[EventCountry "GER"]
[SourceTitle "CBM 211"]
[Source "ChessBase"]
[SourceDate "2022.12.31"]
[SourceVersion "1"]
[SourceVersionDate "2022.12.31"]
[SourceQuality "1"]
[WhiteTeam "Werder Bremen"]
[BlackTeam "Kirchweyhe"]
[WhiteTeamCountry "GER"]
[BlackTeamCountry "GER"]

1. d4 d5 2. c4 dxc4 3. e4 e5 4. Nf3 Bb4+ 5. Nc3 Nf6 6. Bxc4 exd4 7. Nxd4 0-0 8. f3 Qe7 9. Qe2 Rd8 10. Be3 c5 11. Nc2 Bxc3+ 12. bxc3 Nc6 13. 0-0 Ne5 14. Bb3 b6 15. c4 Be6 16. Bc1 Nd3 17. e5 Bf5 18. f4 Ne4 19. Ne3 Nc3 20. Qc2 Nxc1 21. Nxf5 N1e2+ 22. Kh1 Qe6 23. Rae1 a5 24. a4 b5 25. cxb5 c4 26. Ba2 Nxa2 27. Rxe2 Nb4 28. Qe4 c3 29. Nd6 Qd5 30. b6 Rab8 31. b7 Qxe4 32. Rxe4 c2 33. Rc4 f6 34. Rc8 Rdxc8 35. bxc8Q+ Rxc8 36. Nxc8 Nd3 37. exf6 Nf2+ 38. Kg1 Nd1 39. Ne7+ Kf7 40. fxg7 Kxg7 41. Nf5+ Kf7 42. Ne3 c1Q 43. Nxd1 Qa3 44. Rf3 Qc1 45. Rf1 Qa1 46. g3 Qxa4 47. Nb2 Qe4 48. f5 h5 49. Rf2 h4 50. gxh4 Kf6 51. h5 a4 52. Nxa4 Qxa4 53. h6 Qg4+ 54. Kf1 Qh3+ 55. Kg1 Qxh6 56. Kh1 Qc1+ 57. Kg2 Qc6+ 58. Kg1 Qd5 59. Rf1 Kg5 60. f6 Kg4 61. Kf2 Qd2+ 62. Kg1 Qd4+ 63. Kg2 Qe4+ 64. Kf2 Kh3 65. f7 Qe7 66. Kg1 Qe2 67. Rf2 Qg4+ 0-1

[Event "SUI-chT"]
[Site "Switzerland"]
[Date "2022.09.17"]
[Round "6.3"]
[White "Edouard, Romain"]
[Black "Buss, Ralph"]
[Result "1-0"]
[WhiteElo "2648"]
[BlackElo "2351"]
[PlyCount "133"]
[EventDate "2022.05.01"]
[EventType "team-tourn"]
[EventRounds "9"]
[EventCountry "SUI"]
[SourceTitle "EXT 2023"]
[Source "ChessBase"]
[SourceDate "2022.10.05"]
[SourceVersion "1"]
[SourceVersionDate "2022.10.05"]
[SourceQuality "1"]
[WhiteTeam "Geneve"]
[BlackTeam "Echallens"]
[WhiteTeamCountry "SUI"]
[BlackTeamCountry "SUI"]

1. d4 d5 2. c4 e6 3. Nf3 Nf6 4. Nc3 c5 5. e3 a6 6. cxd5 exd5 7. dxc5 Bxc5 8. Bd3 Nc6 9. 0-0 0-0 10. Nd4 Re8 11. h3 Ba7 12. Nxc6 bxc6 13. b3 Qd6 14. Ne2 Ne4 15. Bxe4 Rxe4 16. Ng3 Re6 17. Bb2 Rg6 18. Qf3 Bd7 19. Rfd1 Re8 20. Rd3 Qe7 21. Rad1 Bb8 22. Ne2 c5 23. Rxd5 Bc6 24. Nc3 Bxd5 25. Nxd5 Qe6 26. Ba3 Qc8 27. Rc1 Rc6 28. Rc4 a5 29. Qd1 Bd6 30. Qd2 Qd8 31. e4 Bf8 32. f4 Rce6 33. e5 Rxe5 34. fxe5 Rxe5 35. Nf6+ Qxf6 36. Bb2 Qg5 37. Qxg5 Rxg5 38. Bc3 Rd5 39. Bxa5 f5 40. Kf2 Kf7 41. Bc3 Ke6 42. Ke2 Rd7 43. Ra4 g5 44. Ra6+ Bd6 45. Bd2 f4 46. b4 Kd5 47. b5 h5 48. a4 g4 49. hxg4 hxg4 50. Ra8 Re7+ 51. Kf1 f3 52. gxf3 Rf7 53. Rd8 Rxf3+ 54. Ke2 Rf6 55. Bg5 Re6+ 56. Kf1 c4 57. a5 Kc5 58. a6 Kb6 59. Rd7 Bc7 60. Bd8 Kxb5 61. a7 Ra6 62. Rxc7 c3 63. Bg5 Kb6 64. Rg7 Ra1+ 65. Ke2 c2 66. Kd3 Ra2 67. Kd2 1-0

[Event "FRA-ch 95th"]
[Site "Albi"]
[Date "2022.08.15"]
[Round "2.2"]
[White "Edouard, Romain"]
[Black "Cornette, Matthieu"]
[Result "0-1"]
[WhiteElo "2551"]
[BlackElo "2551"]
[PlyCount "93"]
[EventDate "2022.08.12"]
[EventType "k.o."]
[EventRounds "4"]
[EventCountry "FRA"]
[SourceTitle "CBM 209 Extra"]
[Source "ChessBase"]
[SourceDate "2022.09.30"]
[SourceVersion "1"]
[SourceVersionDate "2022.09.30"]
[SourceQuality "1"]

1. d4 d5 2. c4 e6 3. Nf3 Nf6 4. Nc3 a6 5. cxd5 exd5 6. Bg5 Be6 7. e3 Nbd7 8. h3 Bd6 9. Bd3 c6 10. 0-0 Qc7 11. Qd2 h6 12. Bf4 g5 13. Bxd6 Qxd6 14. Qc2 Rg8 15. Ne2 h5 16. Ng3 g4 17. hxg4 hxg4 18. Nh4 Rh8 19. Nhf5 Bxf5 20. Bxf5 0-0-0 21. Qc5 Qxc5 22. dxc5 Kc7 23. b4 Ne5 24. Bc2 Nh5 25. Nf5 Rdg8 26. Rfd1 Ng7 27. Nxg7 Rxg7 28. g3 Rg5 29. Kf1 Rgh5 30. Ke2 Nf3 31. a4 R8h6 32. Rab1 Rh2 33. Bd3 Ng5 34. Rf1 Rf6 35. Ke1 Nf3+ 36. Ke2 Rg2 37. e4 Nh2 38. exd5 cxd5 39. Rfd1 Rf3 40. Kd2 Rgxf2+ 41. Kc3 Rxg3 42. Kd4 Nf3+ 43. Ke3 Rfg2 44. Kf4 Nd2 45. Bf1 Rf3+ 46. Ke5 Rgf2 47. Kd4 0-1

[Event "FRA-ch 95th"]
[Site "Albi"]
[Date "2022.08.13"]
[Round "1.2"]
[White "Edouard, Romain"]
[Black "Lagarde, Maxime"]
[Result "1/2-1/2"]
[WhiteElo "2551"]
[BlackElo "2615"]
[PlyCount "108"]
[EventDate "2022.08.12"]
[EventType "k.o."]
[EventRounds "4"]
[EventCountry "FRA"]
[SourceTitle "CBM 209 Extra"]
[Source "ChessBase"]
[SourceDate "2022.09.30"]
[SourceVersion "1"]
[SourceVersionDate "2022.09.30"]
[SourceQuality "1"]

1. d4 Nf6 2. c4 g6 3. g3 Bg7 4. Bg2 d5 5. cxd5 Nxd5 6. Nf3 Nb6 7. Nc3 Nc6 8. e3 0-0 9. 0-0 Re8 10. h3 Bd7 11. Kh2 e5 12. d5 Nb4 13. a3 Na6 14. b4 c5 15. dxc6 Bxc6 16. e4 Na4 17. Nxa4 Qxd1 18. Rxd1 Bxa4 19. Re1 Nc7 20. Bf1 Rac8 21. Be3 b6 22. Nd2 f5 23. Rac1 Ne6 24. Rxc8 Rxc8 25. Bc4 Kf7 26. exf5 gxf5 27. g4 f4 28. Bxe6+ Kxe6 29. Bxf4 Kd5 30. Bg3 Rc3 31. Nf1 Kc4 32. Bxe5 Bxe5+ 33. Rxe5 Rxa3 34. Re4+ Kb5 35. Ne3 Rd3 36. g5 Rd7 37. Nf5 Bb3 38. f4 Bc4 39. Nd4+ Kxb4 40. f5 Kc3 41. Ne6 a5 42. g6 hxg6 43. fxg6 a4 44. g7 Rxg7 45. Nxg7 a3 46. Re3+ Bd3 47. Re7 a2 48. Ra7 Kb2 49. Ne6 Bc4 50. Nc7 b5 51. Rxa2+ Kxa2 52. Nxb5 Bxb5 53. h4 Be2 54. h5 Bxh5 1/2-1/2